[Event "ESP-chT Regional U16"]
[Site "Gijon"]
[Date "2021.06.17"]
[Round "1.1"]
[White "Badillo Ramos, Michael Steve"]
[Black "Jaramago Ledo, Javier"]
[Result "1-0"]
[WhiteElo "2102"]
[BlackElo "1931"]
[PlyCount "85"]
[EventDate "2021.06.17"]
[EventType "team-swiss"]
[EventRounds "6"]
[EventCountry "ESP"]
[SourceTitle "EXT 2022"]
[Source "ChessBase"]
[SourceDate "2021.10.06"]
[SourceVersion "1"]
[SourceVersionDate "2021.10.06"]
[SourceQuality "1"]
[WhiteTeam "Asturias U16"]
[BlackTeam "Extremadura U16"]
[WhiteTeamCountry "ESP"]
[BlackTeamCountry "ESP"]

1. e4 e5 2. Nf3 Nc6 3. Bc4 Nf6 4. Ng5 d5 5. exd5 Na5 6. Bb5+ c6 7. dxc6 bxc6 8. Qf3 Rb8 9. Bxc6+ Nxc6 10. Qxc6+ Bd7 11. Qc4 Qe7 12. Nc3 h6 13. Nge4 Rb4 14. Nxf6+ Qxf6 15. Qc7 Bd6 16. Qxa7 Bc6 17. a3 Rg4 18. Qa6 Bc5 19. Qc8+ Ke7 20. Nd5+ Bxd5 21. Qxc5+ Ke6 22. Rg1 Qh4 23. Qb6+ Ke7 24. d3 Qxh2 25. Be3 Qxg1+ 26. Kd2 Qxa1 27. Bc5+ Kd7 28. Qd6+ Kc8 29. Qxd5 Qxb2 30. Qc6+ Kb8 31. Bd6+ Ka7 32. Qd7+ Qb7 33. Qxg4 f6 34. Qa4+ Kb6 35. c4 Qc6 36. c5+ Kb7 37. Qg4 g5 38. Qe6 Qa4 39. g3 Qa5+ 40. Ke2 Qd8 41. c6+ Ka8 42. Qb3 Qc8 43. Qa4+ 1-0

[Event "ESP-chT CECLUB Div1"]
[Site "Linares"]
[Date "2019.09.01"]
[Round "7.1"]
[White "Badillo Ramos, Michael Steve"]
[Black "Perez de Aranda, Leonardo Ivan"]
[Result "0-1"]
[WhiteElo "1967"]
[BlackElo "2119"]
[PlyCount "84"]
[EventDate "2019.08.26"]
[EventType "team-tourn"]
[EventRounds "7"]
[EventCountry "ESP"]
[SourceTitle "EXT 2020"]
[Source "ChessBase"]
[SourceDate "2019.10.17"]
[SourceVersion "1"]
[SourceVersionDate "2019.10.17"]
[SourceQuality "1"]
[WhiteTeam "Real Oviedo"]
[BlackTeam "Virgen de Atocha"]
[WhiteTeamCountry "ESP"]
[BlackTeamCountry "ESP"]

1. e4 d6 2. d4 Nf6 3. Nc3 e5 4. Nf3 Nbd7 5. Bc4 Be7 6. 0-0 0-0 7. Qe2 c6 8. a4 b6 9. Rd1 Qc7 10. b3 a6 11. d5 c5 12. Qd3 Ne8 13. Ne2 Qb7 14. Ng3 b5 15. Nf5 Bf6 16. Nd2 bxc4 17. Nxc4 Qb8 18. g4 Nb6 19. g5 Bd8 20. h4 Nxc4 21. bxc4 g6 22. Nh6+ Kh8 23. f4 f6 24. f5 Ra7 25. Kh2 Rg7 26. Rg1 a5 27. Bd2 Qc7 28. Raf1 Qe7 29. Rg3 Qd7 30. Rfg1 fxg5 31. hxg5 gxf5 32. exf5 Rxf5 33. Nxf5 Qxf5 34. Qe3 Qg6 35. Qf3 Rf7 36. Qe2 Ng7 37. Rb1 Nf5 38. Rg2 Nd4 39. Qd1 Nf3+ 40. Kg3 Bxg5 41. Bxg5 Qxg5+ 42. Kf2 Nh4+ 0-1

[Event "Pontevedra op 7th"]
[Site "Pontevedra"]
[Date "2019.08.12"]
[Round "6"]
[White "De Prado Rodriguez, Oscar Bruno"]
[Black "Badillo Ramos, Michael Steve"]
[Result "1-0"]
[WhiteElo "2155"]
[BlackElo "1967"]
[PlyCount "45"]
[EventDate "2019.08.08"]
[EventType "swiss"]
[EventRounds "9"]
[EventCountry "ESP"]
[SourceTitle "EXT 2020"]
[Source "ChessBase"]
[SourceDate "2019.10.17"]
[SourceVersion "1"]
[SourceVersionDate "2019.10.17"]
[SourceQuality "1"]

1. d4 f5 2. Qd3 e6 3. g4 fxg4 4. h3 g3 5. fxg3 c5 6. Nf3 Bd6 7. Ng5 Nf6 8. dxc5 Bxc5 9. Nc3 0-0 10. Bf4 Nc6 11. 0-0-0 d5 12. e4 h6 13. Nxe6 Bxe6 14. exd5 Nb4 15. Qc4 Nfxd5 16. Nxd5 Rc8 17. Nxb4 Qe8 18. Qe4 Qf7 19. Bd3 g5 20. Bd2 a5 21. Rhf1 Qd7 22. Qg6+ Kh8 23. Bc3+ 1-0

[Event "ESP-ch 83rd"]
[Site "Linares"]
[Date "2018.08.27"]
[Round "8"]
[White "Garcia Romero, Benjamin Abel"]
[Black "Badillo Ramos, Michael Steve"]
[Result "1/2-1/2"]
[WhiteElo "2230"]
[BlackElo "1901"]
[PlyCount "160"]
[EventDate "2018.08.20"]
[EventType "swiss"]
[EventRounds "9"]
[EventCountry "ESP"]
[SourceTitle "CBM 186 Extra"]
[Source "ChessBase"]
[SourceDate "2018.08.24"]
[SourceVersion "1"]
[SourceVersionDate "2018.08.24"]
[SourceQuality "1"]

1. e4 e6 2. d4 d5 3. Nd2 Nf6 4. e5 Nfd7 5. Bd3 c5 6. c3 Nc6 7. Ne2 cxd4 8. cxd4 f6 9. exf6 Nxf6 10. Nf3 Bd6 11. 0-0 Qc7 12. Bg5 0-0 13. Bh4 e5 14. dxe5 Nxe5 15. Nxe5 Bxe5 16. Bg3 Bxg3 17. Nxg3 Bg4 18. Qd2 Rac8 19. Rfe1 Rfe8 20. h3 Bd7 21. Qg5 h6 22. Qg6 Rxe1+ 23. Rxe1 Be8 24. Qf5 Bd7 25. Qf3 Re8 26. Qd1 Re5 27. Re2 Qd6 28. a3 Qe7 29. b4 Rxe2 30. Bxe2 Qe5 31. Bf3 Bc6 32. Ne2 Qb2 33. Qd3 Ne4 34. Bxe4 dxe4 35. Qe3 Qb1+ 36. Nc1 a6 37. h4 Qc2 38. Kh2 Bd5 39. Ne2 Qd3 40. Nc3 Bc6 41. Qg3 Kf7 42. Qe5 Qc4 43. Kg3 Qd3+ 44. Kh2 Qc4 45. Qc7+ Kf6 46. Qd8+ Kf7 47. Qc7+ Kf6 48. Qf4+ Ke6 49. Qg3 Qd4 50. Ne2 Qd6 51. Nf4+ Kf5 52. Qh3+ Kf6 53. Qc3+ Qe5 54. Qxe5+ Kxe5 55. Kg3 Bd7 56. Ng6+ Kd5 57. Kf4 Be8 58. Ne5 b6 59. Ng4 Kc4 60. Kxe4 Kb3 61. Kd4 a5 62. bxa5 bxa5 63. Ne3 Kxa3 64. Kc3 g5 65. hxg5 hxg5 66. Nc4+ Ka4 67. f3 Bg6 68. Ne5 Bf5 69. g4 Be6 70. Nd3 Bd5 71. f4 gxf4 72. Nxf4 Bf7 73. Nd3 Kb5 74. Ne5 Be8 75. Nc4 Kc5 76. Nxa5 Kd5 77. Kd3 Ke5 78. Ke3 Bd7 79. Nc4+ Kf6 80. Kf4 Bxg4 1/2-1/2

[Event "ESP-ch 83rd"]
[Site "Linares"]
[Date "2018.08.20"]
[Round "1"]
[White "Castellanos Gomez, Alejandro"]
[Black "Badillo Ramos, Michael Steve"]
[Result "1-0"]
[WhiteElo "2320"]
[BlackElo "1901"]
[PlyCount "123"]
[EventDate "2018.08.20"]
[EventType "swiss"]
[EventRounds "9"]
[EventCountry "ESP"]
[SourceTitle "CBM 186 Extra"]
[Source "ChessBase"]
[SourceDate "2018.08.24"]
[SourceVersion "1"]
[SourceVersionDate "2018.08.24"]
[SourceQuality "1"]

1. d4 Nf6 2. Nf3 e6 3. Bf4 d5 4. e3 c5 5. c3 Nc6 6. Nbd2 Bd6 7. Bg3 0-0 8. Bd3 Qe7 9. Ne5 Nd7 10. Nxd7 Bxd7 11. Bxd6 Qxd6 12. dxc5 Qxc5 13. Bxh7+ Kxh7 14. Qh5+ Kg8 15. Ne4 Qb5 16. Ng5 Rfd8 17. Qxf7+ Kh8 18. Qh5+ Kg8 19. Qh7+ Kf8 20. Qh8+ Ke7 21. Qxg7+ Kd6 22. Nf7+ Kc7 23. Nxd8 Rxd8 24. h4 e5 25. h5 Qxb2 26. 0-0 Qe2 27. h6 Qg4 28. Qxg4 Bxg4 29. f3 Be6 30. Kf2 e4 31. Rh1 Rh8 32. Rh4 Rh7 33. Rah1 Ne5 34. Rh5 Kd6 35. Rg5 Nf7 36. Rg7 Rxh6 37. Rxh6 Nxh6 38. Rxb7 exf3 39. gxf3 Nf7 40. Rxa7 Ne5 41. Ra6+ Ke7 42. Ra8 Bd7 43. Ra6 Nd3+ 44. Kg3 Nc5 45. Rh6 Na4 46. Kf4 Nxc3 47. Ke5 Be8 48. a3 Ba4 49. Rh7+ Kf8 50. Rc7 Nd1 51. Kd4 Bb3 52. Rb7 Bc2 53. Rb5 Ba4 54. Rxd5 Bc6 55. Rd6 Bb7 56. e4 Ke7 57. Rb6 Bc8 58. a4 Kd7 59. a5 Kc7 60. Rb1 Nf2 61. Ke3 Nh3 62. f4 1-0

[Event "ESP-chT CECLUB Div1"]
[Site "Linares"]
[Date "2018.08.12"]
[Round "7.4"]
[White "Granero Roca, Antonio"]
[Black "Badillo Ramos, Michael Steve"]
[Result "1-0"]
[WhiteElo "2383"]
[BlackElo "1901"]
[PlyCount "43"]
[EventDate "2018.08.06"]
[EventType "team-tourn"]
[EventRounds "7"]
[EventCountry "ESP"]
[SourceTitle "CBM 185 Extra"]
[Source "ChessBase"]
[SourceDate "2018.07.29"]
[SourceVersion "1"]
[SourceVersionDate "2018.07.29"]
[SourceQuality "1"]
[WhiteTeam "Silla Lopez Instalaciones"]
[BlackTeam "Real Oviedo"]
[WhiteTeamCountry "ESP"]
[BlackTeamCountry "ESP"]

1. Nf3 Nf6 2. c4 e6 3. d4 b6 4. g3 Bb4+ 5. Bd2 Bxd2+ 6. Qxd2 Bb7 7. Bg2 0-0 8. 0-0 d5 9. cxd5 exd5 10. Nc3 Re8 11. Qc2 Nc6 12. a3 a5 13. Rac1 Qe7 14. e3 Rad8 15. Rfe1 Qd7 16. Ne2 Re7 17. Nf4 Ne8 18. Ng5 g6 19. Nxd5 Nxd4 20. Nxe7+ Qxe7 21. exd4 Qxg5 22. Bxb7 1-0

[Event "ESP-ch U12"]
[Site "Salobrena"]
[Date "2017.07.10"]
[Round "2"]
[White "Badillo Ramos, Michael Steve"]
[Black "Sanmartin Hernandez, Joan"]
[Result "1-0"]
[WhiteElo "1774"]
[BlackElo "1486"]
[PlyCount "49"]
[EventDate "2017.07.10"]
[EventType "swiss"]
[EventRounds "9"]
[EventCountry "ESP"]
[SourceTitle "EXT 2024"]
[Source "ChessBase"]
[SourceDate "2023.10.10"]
[SourceVersion "1"]
[SourceVersionDate "2023.10.10"]
[SourceQuality "1"]

1. e4 d6 2. d4 Nf6 3. Nc3 Nbd7 4. f4 e5 5. Nf3 exd4 6. Qxd4 c6 7. Be3 d5 8. e5 Ng4 9. Bg1 Bc5 10. Qd2 b5 11. h3 Nh6 12. Bd3 a5 13. 0-0-0 a4 14. Kb1 b4 15. Ne2 Bxg1 16. Rhxg1 c5 17. Bb5 Bb7 18. e6 fxe6 19. Ne5 Bc8 20. Qe3 d4 21. Qe4 Ra5 22. Nc6 Qb6 23. Qxe6+ Kf8 24. Qe7+ Kg8 25. Qe8+ 1-0